| 000 | 00319nam a2200121Ia 4500 | ||
|---|---|---|---|
| 008 | 190216s9999||||xx |||||||||||||| ||und|| | ||
| 100 | _aWilliam Henry Hadsom | ||
| 245 | 3 | _aAn Introduction To The Study Of Literature | |
| 260 |
_bKalyani Publisher _c1976 |
||
| 300 | _a352p | ||
| 650 | _aEnglish Literature | ||
| 942 | _cBK | ||
| 999 |
_c12874 _d12874 |
||